000 00855cam a2200241 4500
001 4419
005 20181127173345.0
008 050519r20052004nyu 000 1 eng
010 _a 2005050413
020 _a9780241960165
043 _ae-uk-en
100 1 _aTownsend, Sue.
245 1 0 _aAdrian Mole and the weapons of mass destruction /
_cSue Townsend.
260 _aNew York :
_bSoho ;
_aSaint Paul, MN :
_bDistributed to the trade by Consortium Books Sales & Distribution, Inc.,
_c2005.
300 _a460 p. ;
_c22 cm.
500 _a""First published in Great Britain in 2004""--T.p. verso.
650 0 _aMole, Adrian (Fictitious character)
_vFiction.
650 0 _aWeapons of mass destruction
_vFiction.
651 0 _aEngland
_vFiction.
655 7 _aDiary fiction.
_2lcsh
655 7 _aHumorous fiction.
_2gsafd
655 7 _aPolitical fiction.
_2lcsh
999 _c3654
_d3654